Šľachtické stolice v 13. až 19. storočí Kapitoly z dejín verejnej správy na Slovensku
Konštituovanie šľachtických stolíc. Generálna kongregácia. Sedria. Hlavní predstavitelia stolíc. Financovanie stolice.
Na minha lista:
| Autor principal: | |
|---|---|
| Formato: | Capítulo de Livro |
| Idioma: | eslovaco |
| Assuntos: | |
| Tags: |
Sem tags, seja o primeiro a adicionar uma tag!
|
MARC
| LEADER | 00000naa a2200000 4500 | ||
|---|---|---|---|
| 001 | r037008 | ||
| 005 | 20230825082025.0 | ||
| 041 | 0 | |a slo | |
| 044 | |a SK | ||
| 245 | 1 | 0 | |a Šľachtické stolice v 13. až 19. storočí |b Kapitoly z dejín verejnej správy na Slovensku |c Radovan Skyba |
| 520 | |a Konštituovanie šľachtických stolíc. Generálna kongregácia. Sedria. Hlavní predstavitelia stolíc. Financovanie stolice. | ||
| 610 | 2 | 0 | |a správa verejná |
| 610 | 2 | 0 | |a história |
| 610 | 2 | 0 | |a členenie územné administratívne |
| 610 | 2 | 0 | |a dejiny |
| 610 | 2 | 0 | |a Slovensko |
| 100 | 1 | |a Skyba, Radovan | |